New era value investing : A disciplined approach to buying value and growth stocks
Đã lưu trong:
| Hovedforfatter: | |
|---|---|
| Format: | Bog |
| Sprog: | Undetermined |
| Udgivet: |
Hoboken, N.J.
John Wiley
2003
|
| Fag: | |
| Tags: |
Tilføj Tag
Ingen Tags, Vær først til at tagge denne postø!
|
| Thư viện lưu trữ: | Trung tâm Học liệu Trường Đại học Cần Thơ |
|---|
| LEADER | 00572nam a2200193Ia 4500 | ||
|---|---|---|---|
| 001 | CTU_109690 | ||
| 008 | 210402s9999 xx 000 0 und d | ||
| 082 | |a 332.6322 | ||
| 082 | |b T293 | ||
| 100 | |a Tengler, Nancy | ||
| 245 | 0 | |a New era value investing : | |
| 245 | 2 | |b A disciplined approach to buying value and growth stocks | |
| 245 | 0 | |c Nancy Tengler | |
| 260 | |a Hoboken, N.J. | ||
| 260 | |b John Wiley | ||
| 260 | |c 2003 | ||
| 650 | |a Investment analysis,Portfolio management | ||
| 904 | |i Minh, Q. Hieu | ||
| 980 | |a Trung tâm Học liệu Trường Đại học Cần Thơ | ||